Comportamiento estratégico y respuestas graduadas en el SIES: debate público

Saved in:
Bibliografiske detaljer
Hovedforfatter: Dusaillant, Francisca (Author)
Format: Bog
Sprog:spansk
Udgivet: Santiago Centro de Estudios Públicos 2002
Serier:Serie Documentos de Trabajo, 335
Fag:
Tags: Tilføj Tag
Ingen Tags, Vær først til at tagge denne postø!

MARC

LEADER 00000nam a2200000 a 4500
001 UCM8246
003 CL-VaPUC
008 030228e20020000CL |||||||||||||||||spa|d
082 0 4 |a 371.262  |b DUS  |2 21 
100 0 |a Dusaillant, Francisca  |e author  |9 474246 
245 1 0 |a Comportamiento estratégico y respuestas graduadas en el SIES: debate público 
300 |a 28 p 
942 |c BK 
945 |d 20030228 00:00:00  |a cmena 
260 |a Santiago  |b Centro de Estudios Públicos  |c 2002 
650 7 |a PRACTICA DE PRUEBAS EDUCACIONALES  |2 CL-VaPUC  |9 335463 
650 0 |a Evaluación de la educación   |9 237505 
650 7 |a PRUEBAS DE APTITUD  |2 CL-VaPUC  |9 307995 
650 7 |a SIES  |2 CL-VaPUC  |9 474241 
583 |a last modification  |c 20030228 00:00:00  |k Rodrigo Vera 
490 0 |a Serie Documentos de Trabajo, 335 
999 |c 302822  |d 302820 
952 |0 0  |1 0  |4 0  |6 371_262000000000000_DUS_2002  |7 0  |8 A  |9 363603  |a BIBEDU  |b BIBEDU  |d 2019-11-21  |i 3880222  |o 371.262 DUS 2002  |p 3880222  |r 2019-11-21  |w 2019-11-21  |y BK  |k BME